Geo-ecological study of rubber tree cultivation at high altitude in China (Record no. 59919)

MARC details
000 -LEADER
fixed length control field 00517nam a2200133Ia 4500
100 ## - MAIN ENTRY--AUTHOR NAME
Personal name Alliang J
245 #0 - TITLE STATEMENT
Title Geo-ecological study of rubber tree cultivation at high altitude in China
260 ## - PUBLICATION, DISTRIBUTION, ETC. (IMPRINT)
Name of publisher Proceedings of the International Rubber Conference, Colombo, 1984, V1. Part 1; p19-46Proceedings of the International Rubber Conference, Colombo, 1984, V1. Part 1; p117-130
650 ## - SUBJECT ADDED ENTRY--TOPICAL TERM
Topical Term China
650 ## - SUBJECT ADDED ENTRY--TOPICAL TERM
Topical Term Geo-ecology
650 ## - SUBJECT ADDED ENTRY--TOPICAL TERM
Topical Term Rubber cultivation
942 ## - ADDED ENTRY ELEMENTS (KOHA)
Koha item type Journals
Holdings
Withdrawn status Lost status Damaged status Not for loan Home library Current library Shelving location Date acquired Koha item type
      Journals RRII Library RRII Library Botany 17/12/2021 Journals